000 00444nam a22001457a 4500
008 131129b xxu||||| |||| 00| 0 eng d
050 _aSPC DT374.N277
110 _aNational Park Service, US
_94415
245 _aKilimanjaro
260 _aWashington
_bNational Park Service US
_c1967
300 _a48p.;
_c28cm
650 _aMount Kilimanjaro
_94416
_xDescription & travel
700 _aMartinek, Julius A. (ed)
_94417
942 _2lcc
_cMONOGRAPH
999 _c118855
_d118855